INDIA 2022/ (Record no. 201197)
[ view plain ]
| 000 -LEADER | |
|---|---|
| fixed length control field | 00727nam a22001937a 4500 |
| 005 - DATE AND TIME OF LATEST TRANSACTION | |
| control field | 20240312125949.0 |
| 010 ## - LCCN (DPL NO) | |
| LC control number | ENG-139525 ENG-139526 |
| 020 ## - INTERNATIONAL STANDARD BOOK NUMBER | |
| Terms of availability | 330.00 |
| International Standard Book Number | 9789354094064 |
| 035 ## - SYSTEM CONTROL NUMBER | |
| System control number | EN-123057 EN-123058 |
| 037 ## - SOURCE OF ACQUISITION | |
| Source of stock number/acquisition | DBAD/PUB |
| 082 ## - DEWEY DECIMAL CLASSIFICATION NUMBER | |
| Classification number | 954 |
| 245 ## - TITLE STATEMENT | |
| Title | INDIA 2022/ |
| Statement of responsibility, etc | Edited by Roma Chatterjee and Ajeet Singh Meena |
| 260 ## - PUBLICATION, DISTRIBUTION, ETC. (IMPRINT) | |
| Place of publication, distribution, etc | New Delhi |
| Name of publisher, distributor, etc | Directer General Publications Division |
| Date of publication, distribution, etc | 2022 |
| 270 ## - ADDRESS | |
| City | NewDelhi |
| Address | Ministry of Information and Broadcasting Government of India Soochna Bhawan, CGO Complex, Lodhi Road |
| Postal code | 110003 |
| 300 ## - PHYSICAL DESCRIPTION | |
| Extent | 944p. |
| Dimensions | 24cm(pbk) |
| 700 ## - ADDED ENTRY--PERSONAL NAME | |
| Personal name | Chatterjee, Roma |
| Relator term | Editor |
| 9 (RLIN) | 63144 |
| 700 ## - ADDED ENTRY--PERSONAL NAME | |
| Personal name | Meena, Ajeet Singh |
| Relator term | Editor |
| 9 (RLIN) | 63145 |
| 942 ## - ADDED ENTRY ELEMENTS (KOHA) | |
| Source of classification or shelving scheme | Dewey Decimal Classification |
| Item type | English Books |
| Classification part | 954 |
| Call number suffix | IND |
| Edition | 2022 |
| Withdrawn status | Lost status | Not for loan | Collection code | Home library | Current library | Date acquired | Source of acquisition | Cost, normal purchase price | Full call number | Barcode | Copy number | Cost, replacement price | Koha item type |
|---|---|---|---|---|---|---|---|---|---|---|---|---|---|
| Non-fiction | Bawana | Bawana | 01/03/2024 | DBAD | 330.00 | 954 IND | EN-123057 | 1 | 330.00 | English Books | |||
| Non-fiction | Peshwa Road | Peshwa Road | 01/03/2024 | DBAD/PUB | 330.00 | 954 IND | EN-123058 | 1 | 330.00 | English Books |
